000 00198nam a2200109Ia 4500
100 _a#N/A
942 _cBK
654 _asight
245 _aSight & Sound
260 _b#N/A
_c2004
546 _aENGLISH
999 _c28155
_d28155